01251nam a22003254a 4500001001200000003000800012006001900020007001500039008004100054020001500095040002100110035002100131050002300152082001700175100001500192245010200207246002700309260004400336300002300380504006400403533015200467650003800619650002500657650002700682655002900709700001500738700002900753710001700782856012600799ebr10201227CaPaEBRm u cr cn|||||||||020702s2002 njua sb 001 0 eng  z9810249284 aCaPaEBRcCaPaEBR a(OCoLC)61446318914aTA645b.C24 2002eb04a624.1/712211 aCai, C. W.10aExact analysis of bi-periodic structuresh[electronic resource] /cC.W. Cai, J.K. Liu, H.C. Chan.30aBi-periodic structures aNew Jersey :bWorld Scientific,cc2002. aix, 269 p. :bill. aIncludes bibliographical references (p. 263-264) and index. aElectronic reproduction.bPalo Alto, Calif. :cebrary,d2013.nAvailable via World Wide Web.nAccess may be limited to ebrary affiliated libraries. 0aStructural analysis (Engineering) 0aMechanics, Analytic. 0aTransformation groups. 7aElectronic books.2local1 aLiu, J. K.1 aChan, H. C.q(Hon Chuen)2 aebrary, Inc.40uhttp://site.ebrary.com/lib/rucke/Doc?id=10201227zAn electronic book accessible through the World Wide Web; click to view